| 000 | 00384nam a22001697a 4500 | ||
|---|---|---|---|
| 003 | SGT | ||
| 020 | _a9789354659829 | ||
| 082 |
_a616.1207 _bL23G |
||
| 100 | _aGOEL, ROHIT | ||
| 245 | _aLUTHRA'S ECHO MADE EASY | ||
| 250 | _a5TH | ||
| 260 |
_aINDIA _bJAYPEE PUB _c2023 |
||
| 300 | _a252 | ||
| 650 | _aGENERAL MEDICINE | ||
| 653 | _aLUTHRA'S ECHO MADE EASY | ||
| 942 |
_2ddc _cBK _015 |
||
| 999 |
_c25457 _d25457 |
||